She Said No - BoyWithUke - Statistics

General Stats
  • This quiz has been taken 73 times
  • The average score is 284 of 377
Answer Stats
Lyrics % Correct
to
98%
I
95%
a
90%
my
90%
My
90%
no
90%
Was
90%
was
90%
And
88%
and
88%
said
88%
for
85%
me
85%
she
85%
She
85%
that
85%
That
85%
together
85%
who
85%
But
83%
but
83%
Do
83%
do
83%
go
83%
it
83%
know
83%
don't
80%
falling
80%
friends
80%
her
80%
Her
80%
in
80%
love
80%
out
80%
so
80%
we
80%
yeah
80%
Yeah
80%
da-
78%
going
78%
I'm
78%
mind
78%
outside
78%
Then
78%
think
78%
this
78%
too
78%
took
78%
what
78%
girl
75%
Ha
75%
ha
75%
knew
75%
left
75%
phone
75%
pictures
75%
Polaroid
75%
texted
75%
the
75%
through
75%
told
75%
with
75%
world
75%
all
73%
am
73%
at
73%
cold
73%
could
73%
even
73%
eyes
73%
find
73%
heart
73%
life
73%
made
73%
never
73%
of
73%
scared
73%
someone
73%
thought
73%
were
73%
Ba-
70%
Cause
70%
cause
70%
dum
70%
home
70%
mess
70%
would
70%
you
70%
You
70%
coat
68%
hate
68%
into
68%
now
68%
pearls
68%
Stood
68%
when
68%
wrote
68%
can't
65%
doesn't
65%
rather
65%
try
65%
dumb
63%
glowing
63%
hazel
63%
help
63%
hurts
63%
time
63%
become
60%
blame
60%
blood
60%
give
60%
is
60%
I've
60%
just
60%
mud
60%
Oh
60%
pretty
60%
probably
60%
seem
60%
stomach
60%
straight
60%
sure
60%
Tell
60%
change
58%
dead
58%
hard
58%
head
58%
mention
58%
or
58%
worthless
58%
found
55%
fuck
55%
It's
55%
lot
55%
need
55%
sorry
55%
thoughts
55%
throw
55%
again
53%
better
53%
boy
53%
breathe
53%
doctor
53%
excuse
53%
not
53%
off
53%
please
53%
ukulele
53%
won't
53%
dark
50%
getting
50%
might
50%
stupid
50%
promise
48%
broken
45%
evident
45%
far
45%
meds
45%
That's
43%
wish
43%
faceless
40%
nameless
40%
frozen
38%
bed
35%
pen
35%
stuck
35%
up
33%
hoping
30%
open
30%
over
30%
emotions
28%
you'd
28%
instead
25%
No matching quizzes found
Score Distribution
Percent of People with Each Score
Percentile by Number Answered
Your Score History
You have not taken this quiz